00481nam a2200145Ia 4500008004100000041000800041082001400049100002100063245004500084260003500129300003200164365000700196999001300203952011900216240624s9999 xx 000 0 und d aeng a658.5 KRI aKRISHNASWAMY K N aCASES IN PRODUCTION AND OPERATIONS MANAG c2002aNew DelhibPrentice-Hall aviii, : 294 : p. : cm. ; 24 cRS c452d452 00104070aIMTNbIMTNcRack 34-Ad2004-10-19eJBDg195.00o658.5 KRIp452r2024-06-24 00:00:00t1w2024-06-24yBK